LGBTQ+ Flags - Statistics

General Stats
  • This quiz has been taken 103 times
  • The average score is 8 of 10
Answer Stats
Picture Answer % Correct
Bisexual
96%
Pansexual
96%
Lesbian
95%
Gay
92%
Asexual
89%
Transgender
89%
Intersex
80%
Genderfluid
69%
Polysexual
63%
Genderqueer
57%
No matching quizzes found
Score Distribution
Percent of People with Each Score
Percentile by Number Answered
Your Score History
You have not taken this quiz